LDR 00857naa#a2200181#i#450# 001 RU\RIOR\bibl\126172 005 20260629083047.1 011 ## _a2409-6024 100 ## _a20260530b2026####ek#y0rusy0150####ca 102 ## _aRU 200 1# _aЭкономическая безопасность предприятия и значение цифровой грамотности сотрудников в её организационном обеспечении _eЖурнальная статья 210 1# _aМосква _cООО "Издательский Центр РИОР" _d2026 215 ## _a12 с. 608 ## _aЖурнальная статья _2local 675 ## _aУправление экономикой. 338.24 _z 700 #1 _aХмелев _gСергей Александрович 700 #1 _aВасильчук _gАндрей Степанович 856 4# _arusjm.ru _u